Сообщества птиц Полярного Урала; Сибирский экологический журнал; № 4

Bibliographic Details
Parent link:Сибирский экологический журнал: научный журнал/ Российская академия наук (РАН), Сибирское отделение (СО).— , 1995-.— 0869-8619
№ 4.— 2004.— С. 537-548
Main Author: Головатин М. Г.
Other Authors: Пасхальный С. П.
Language:Russian
Published: 2004
Subjects:
Format: Book Chapter
KOHA link:https://koha.lib.tpu.ru/cgi-bin/koha/opac-detail.pl?biblionumber=394215

MARC

LEADER 00000naa2a2200000 4500
001 394215
005 20231101064500.0
035 |a (RuTPU)RU\TPU\prd\30828 
090 |a 394215 
100 |a 20041207a2004 k y0rusy50 ca 
101 0 |a rus 
102 |a RU 
200 1 |a Сообщества птиц Полярного Урала  |f М. Г. Головатин, С. П. Пасхальный  
320 |a Библиогр.: 8 назв. 
461 1 |0 (RuTPU)RU\TPU\prd\1754  |x 0869-8619  |t Сибирский экологический журнал  |o научный журнал  |f Российская академия наук (РАН), Сибирское отделение (СО)  |d 1995- 
463 1 |0 (RuTPU)RU\TPU\prd\29692  |t № 4  |v С. 537-548  |d 2004 
610 1 |a Урал 
610 1 |a птицы 
610 1 |a места обитания 
610 1 |a местообитания 
610 1 |a тундра 
675 |a 591.9(5-013)  |v 3 
675 |a 591.526  |v 3 
675 |a 598.2/9  |v 3 
700 1 |a Головатин  |b М. Г. 
701 1 |a Пасхальный  |b С. П. 
801 1 |a RU  |b 63413507  |c 20041207  |g PSBO 
801 2 |a RU  |b 63413507  |c 20131210  |g PSBO 
942 |c BK